Online
Catalog

Antología de las mejores novelas policíacas. (Record no. 23147)

MARC details
000 -CABECERA
campo de control de longitud fija 01226nam a2200193 a 4500
001 - NÚMERO DE CONTROL
campo de control 000023651
005 - FECHA Y HORA DE LA ÚLTIMA TRANSACCIÓN
campo de control 20200930022354.0
008 - DATOS DE LONGITUD FIJA--INFORMACIÓN GENERAL
campo de control de longitud fija 101216s1963 sp r 000 f spa d
040 ## - FUENTE DE LA CATALOGACIÓN
Centro catalogador/agencia de origen DO-SdBNP
Lengua de catalogación spa
Centro/agencia transcriptor BNPHU
082 ## - NÚMERO DE LA CLASIFICACIÓN DECIMAL DEWEY
Número de clasificación 808.831
Número de documento/Ítem A634m, 1963
049 ## - FONDOS LOCALES (OCLC)
Fondos de biblioteca BNGR
245 00 - MENCIÓN DE TÍTULO
Título Antología de las mejores novelas policíacas.
250 ## - MENCIÓN DE EDICIÓN
Mención de edición 6a ed.
260 ## - PUBLICACIÓN, DISTRIBUCIÓN, ETC.
Lugar de publicación, distribución, etc. Barcelona :
Nombre del editor, distribuidor, etc. Acervo,
Fecha de publicación, distribución, etc. 1963.
300 ## - DESCRIPCIÓN FÍSICA
Extensión v. ;
Dimensiones 21 cm.
500 ## - NOTA GENERAL
Nota general La biblioteca posee v.2
505 0# - NOTA DE CONTENIDO CON FORMATO
Título El profanador de tumbas /
Mención de responsabilidad R. L. Stevenson
Título El cazador cazado /
Mención de responsabilidad W. Wilkie Collins
Título El jucio de Demetrio Karamazov /
Mención de responsabilidad F. Dostoievski
Título Las vacaciones de Mr. Ledbetter /
Mención de responsabilidad H G Wells
Título Un crimen excepcional /
Mención de responsabilidad Jean Richepin
Título La estrella de plata /
Mención de responsabilidad T. Burke
Título El fugitivo y los clérigos /
Mención de responsabilidad J. S. Fletcher
Título El forastero amable /
Mención de responsabilidad Geoffrey Household
Título El enigma del fantasma en coche /
Mención de responsabilidad L. Castellani
Título <<...era un bendito>> /
Mención de responsabilidad George Joseph
Título El caso de la florista asustada /
Mención de responsabilidad Bevis Winter
Título Kachudas y el sombrerero /
Mención de responsabilidad G. Simenon
Título El cepo de tío /
Mención de responsabilidad Burnhan Carter
Título El caso <<GI>> /
Mención de responsabilidad Ellery Quenn
Título Mom derrama una lágrima /
Mención de responsabilidad James Yaffe
Título Una soga para el barón /
Mención de responsabilidad Anthony Morton
Título Coartada perfecta /
Mención de responsabilidad O. Roy Cohen
910 ## - DATOS DE OPCIÓN DEL USUARIO (OCLC)
Datos de opción del usuario Validado. Control de calidad MFF
Holdings
Estado de retiro Estado de pérdida Restricciones de uso No para préstamo Código de colección Localización permanente Ubicación/localización actual Ubicación en estantería Fecha de adquisición Número de inventario Total de préstamos Signatura topográfica completa Código de barras Fecha visto por última vez Precio válido a partir de Tipo de ítem Koha
        Monografías: Libros y Folletos General General Depósito 15.08.2013 LF1   v.2 23651-10 25.06.2020 25.06.2020 Préstamo en sala

Powered by Koha